[Event "Schachzwerge Magdeburg-SAV Torgelow-DrÃ¶geheide 90"]
[Site "Binz"]
[Date "2024.09.08"]
[Round "4.1"]
[White "Briese, Sophie"]
[Black "NÃ¶nnig, Lotte"]
[Result "1-0"]
[WhiteElo "1356"]
[BlackElo "1494"]
[Board "1"]
[WhiteTeam "SAV Torgelow-DrÃ¶geheide 90"]
[BlackTeam "Schachzwerge Magdeburg"]
[Annotator "Rnd./Pair./Board: 04.001.01"]

1.e4 e5 2.Nf3 Nc6 3.Bc4 Bc5 4.c3 Nf6 5.d4 exd4 6.e5 d5 7.Bb5 Ne4 8.cxd4 
Bb6 9.Nc3 Bg4 10.Be3 O-O 11.h3 Bh5 12.a3 Ne7 13.Bd3 Bg6 14.Bxe4 Bxe4 15.
Nxe4 dxe4 16.Nh2 Nf5 17.Qg4 Nxd4 18.Qxe4 Nc6 19.Bxb6 axb6 20.O-O Re8 21.f4
Kh8 22.Qc4 f6 23.exf6 Qxf6 24.b4 Rad8 25.Nf3 Rd7 26.Rad1 Rde7 27.Rf2 Re4 
28.Qc2 Qxf4 29.Rdf1 Qd6 30.Ng5 Nd4 31.Nf7+ Kg8 32.Nxd6 Nxc2 33.Nxe4 Ne3 
34.Re1 Rxe4 35.Rfe2 Nc2 36.Rxe4 Nxe1 37.Rxe1 1-0

[Event "Schachzwerge Magdeburg-SAV Torgelow-DrÃ¶geheide 90"]
[Site "Binz"]
[Date "2024.09.08"]
[Round "4.2"]
[White "Hleizer, Ahata"]
[Black "Subocz, Barbara"]
[Result "0-1"]
[WhiteElo "1299"]
[BlackElo "1230"]
[Board "2"]
[WhiteTeam "Schachzwerge Magdeburg"]
[BlackTeam "SAV Torgelow-DrÃ¶geheide 90"]
[Annotator "Rnd./Pair./Board: 04.001.02"]

1.e4 c5 2.Nf3 d6 3.Bb5+ Bd7 4.Bxd7+ Qxd7 5.d4 cxd4 6.Nxd4 Nf6 7.Nc3 g6 8.
Bg5 Bg7 9.Qd2 h6 10.Be3 Ng4 11.O-O-O Nxe3 12.fxe3 O-O 13.Rdf1 Nc6 14.Nf3 
Rac8 15.Nd5 e6 16.Nf4 Qc7 17.Nd3 a5 18.a3 b5 19.Kd1 b4 20.axb4 Nxb4 21.
Nxb4 axb4 22.b3 Bc3 23.Qd3 Rfd8 24.Nd4 Qd7 25.Ke2 e5 26.Nb5 Qg4+ 27.Kf2 
Kg7 28.h3 Qg5 29.Ke2 Qxg2+ 30.Kd1 Ra8 31.Rxf7+ Kxf7 32.Rf1+ Kg7 33.Rf7+ 
Kxf7 34.Qd5+ Kg7 35.Qb7+ Kf8 36.Nxc3 Ra1+ 37.Nb1 Rxb1# 0-1

[Event "Schachzwerge Magdeburg-SAV Torgelow-DrÃ¶geheide 90"]
[Site "Binz"]
[Date "2024.09.08"]
[Round "4.3"]
[White "Subocz, Emma"]
[Black "Litvinchuk, Mariia"]
[Result "0-1"]
[WhiteElo "1059"]
[BlackElo "957"]
[Board "3"]
[WhiteTeam "SAV Torgelow-DrÃ¶geheide 90"]
[BlackTeam "Schachzwerge Magdeburg"]
[Annotator "Rnd./Pair./Board: 04.001.03"]

1.e4 e5 2.Nf3 Nc6 3.d4 exd4 4.Bc4 Bb4+ 5.Bd2 Bxd2+ 6.Qxd2 Qf6 7.O-O d6 8.
Bb5 Bd7 9.Bxc6 Bxc6 10.Re1 Qg6 11.Qxd4 O-O-O 12.Nc3 Nf6 13.Qe3 Ng4 14.Qxa7
Rhe8 15.Qd4 Nf6 16.Nh4 Qg4 17.Nf3 Nxe4 18.h3 Qf5 19.Qxg7 Rg8 20.Qd4 d5 21.
Ne5 Qxh3 22.g3 Nxg3 23.fxg3 Rxg3+ 24.Kf2 Qg2# 0-1

[Event "Schachzwerge Magdeburg-SAV Torgelow-DrÃ¶geheide 90"]
[Site "Binz"]
[Date "2024.09.08"]
[Round "4.4"]
[White "Kessler, Lisbeth Erna"]
[Black "Zietz, Leni"]
[Result "1-0"]
[WhiteElo "753"]
[BlackElo "969"]
[Board "4"]
[WhiteTeam "Schachzwerge Magdeburg"]
[BlackTeam "SAV Torgelow-DrÃ¶geheide 90"]
[Annotator "Rnd./Pair./Board: 04.001.04"]

1.e4 c5 2.Nf3 d6 3.Nc3 Nc6 4.Bc4 g6 5.d3 Bg7 6.O-O Nf6 7.Bb5 O-O 8.h3 a6 
9.Ba4 b5 10.Bb3 Rb8 11.Re1 Be6 12.d4 d5 13.exd5 Nxd5 14.dxc5 Nxc3 15.bxc3 
Bxc3 16.Bd2 Bxa1 17.Qxa1 Bxb3 18.axb3 a5 19.Ne5 Nd4 20.Rd1 Qd5 21.Bc3 Qxe5
22.Bxd4 Qe6 23.Re1 Qd7 24.Bb2 Rbc8 25.Qa3 Qd2 26.Rc1 Qb4 27.c3 Qxa3 28.
Bxa3 Rfd8 29.b4 a4 30.Ra1 e5 31.Bc1 f5 32.Bg5 Rd3 33.Rc1 a3 34.c4 a2 35.
cxb5 Ra8 36.Ra1 Rd1+ 37.Rxd1 a1=Q 38.Rxa1 Rxa1+ 39.Kh2 Rb1 40.Bd2 Rd1 41.
Bc3 Rd8 42.Bxe5 Rd7 43.c6 Ra7 44.b6 Ra6 45.Bc7 Ra4 1-0

[Event "TSG OberschÃ¶neweide-SV "Eintracht" TangerhÃ¼tte"]
[Site "Binz"]
[Date "2024.09.08"]
[Round "4.1"]
[White "Kasten, Luna Seraphine"]
[Black "Bayer, Klara"]
[Result "0-1"]
[WhiteElo "956"]
[BlackElo "1467"]
[Board "1"]
[WhiteTeam "SV "]
[BlackTeam "TSG OberschÃ¶neweide"]
[Annotator "Rnd./Pair./Board: 04.002.01"]

1.e4 c5 2.d4 cxd4 3.c3 d5 4.e5 dxc3 5.Bd3 Nc6 6.Nf3 Bg4 7.h3 Bh5 8.Nxc3 e6
9.O-O Bb4 10.Bd2 Nge7 11.Qa4 O-O 12.Nd1 Bxf3 13.Bxb4 Bxd1 14.Raxd1 Nxb4 
15.Qxb4 Rb8 16.Rde1 Nc6 17.Qg4 Qe7 18.Re3 Rfd8 19.Rg3 Qf8 20.Qh4 g6 21.Bb5
Nxe5 22.Re1 Qg7 23.f4 Nc6 24.Bxc6 bxc6 25.Qe7 Qd4+ 26.Rge3 a6 27.b3 Qxf4 
28.Rf3 Qd4+ 29.Ree3 Rf8 30.Qf6 Qxf6 31.Rxf6 Kg7 32.Ref3 Rb4 33.R6f4 Rxf4 
34.Rxf4 c5 35.b4 cxb4 36.Rxb4 Rc8 37.Rb6 a5 38.Ra6 Rc5 0-1

[Event "TSG OberschÃ¶neweide-SV "Eintracht" TangerhÃ¼tte"]
[Site "Binz"]
[Date "2024.09.08"]
[Round "4.2"]
[White "Ruddat, Maila"]
[Black "BÃ¶rner, Martha"]
[Result "1/2-1/2"]
[WhiteElo "1125"]
[BlackElo "1128"]
[Board "2"]
[WhiteTeam "TSG OberschÃ¶neweide"]
[BlackTeam "SV "]
[Annotator "Rnd./Pair./Board: 04.002.02"]

1.e4 c5 2.d3 d6 3.Be2 g6 4.f4 Bg7 5.c3 Nf6 6.Nf3 O-O 7.O-O Bg4 8.Na3 d5 9.
exd5 Nxd5 10.Nc4 b5 11.Ne3 Nxe3 12.Bxe3 Na6 13.Qd2 b4 14.cxb4 cxb4 15.d4 
Bxf3 16.Bxf3 Rb8 17.Rac1 b3 18.a3 Nc7 19.Rc3 Nd5 20.Bxd5 Qxd5 21.Qd3 a5 
22.Qc4 Qxc4 23.Rxc4 Rfc8 24.Rfc1 Rxc4 25.Rxc4 f5 26.Rc5 a4 27.Rc4 Ra8 28.
Kf2 Kf7 29.Ke2 Ke6 30.Rc5 Kd6 31.Kd3 h5 32.Kc4 Rb8 33.h4 e6 34.g3 Rb7 35.
Bd2 Bf8 36.Bb4 Kd7 37.Rb5 Rc7+ 38.Bc5 Bxc5 39.Rxc5 Rb7 40.d5 exd5+ 41.Kxd5
Ke7 42.Ke5 1/2-1/2

[Event "TSG OberschÃ¶neweide-SV "Eintracht" TangerhÃ¼tte"]
[Site "Binz"]
[Date "2024.09.08"]
[Round "4.3"]
[White "Voitenko, Anastasiia"]
[Black "Ulianova, Anna"]
[Result "0-1"]
[WhiteElo "785"]
[BlackElo "1092"]
[Board "3"]
[WhiteTeam "SV "]
[BlackTeam "TSG OberschÃ¶neweide"]
[Annotator "Rnd./Pair./Board: 04.002.03"]

1.e4 e5 2.Nf3 Nc6 3.Nc3 a6 4.a3 Nf6 5.h3 Bc5 6.Nxe5 d6 7.Nf3 Qe7 8.d3 h6 
9.g3 d5 10.Bg2 dxe4 11.dxe4 Bd7 12.O-O O-O-O 13.Be3 Bd6 14.Qe2 g5 15.Nb5 
axb5 16.Qxb5 g4 17.Qa4 Be6 18.hxg4 Bxg4 19.Rfd1 h5 20.Rd2 Bxf3 21.Bxf3 h4 
22.e5 Nxe5 23.Rd3 Nxf3+ 24.Kg2 Ne5 25.Bc5 Nxd3 26.cxd3 Bxc5 27.Rc1 h3+ 28.
Kh1 Qd6 29.Rc4 Qd5+ 30.Kg1 Qg2# 0-1

[Event "TSG OberschÃ¶neweide-SV "Eintracht" TangerhÃ¼tte"]
[Site "Binz"]
[Date "2024.09.08"]
[Round "4.4"]
[White "Rabus, Luise"]
[Black "SchÃ¶nfeld, Emily"]
[Result "1-0"]
[WhiteElo "997"]
[BlackElo "860"]
[Board "4"]
[WhiteTeam "TSG OberschÃ¶neweide"]
[BlackTeam "SV "]
[Annotator "Rnd./Pair./Board: 04.002.04"]

1.e4 e6 2.d4 c5 3.c3 e5 4.d5 c4 5.Nd2 Bc5 6.Nxc4 Qf6 7.Nf3 Ne7 8.Bg5 Qa6 
9.Ncxe5 Qb6 10.Bh4 O-O 11.b4 Be3 12.fxe3 Qxe3+ 13.Be2 Qxc3+ 14.Kf2 Qxb4 
15.Rf1 Qxe4 16.Bxe7 Re8 17.Bd6 f5 18.Ng5 Qh4+ 19.Kg1 Qxg5 20.Bd3 Nc6 21.
dxc6 bxc6 22.Rxf5 Qe3+ 23.Kh1 Bb7 24.Qf1 c5 25.Rc1 Qh3 26.Rc3 Qe3 27.Bc4+ 
Bd5 28.Bxd5+ Kh8 29.Rxe3 Rac8 30.Ref3 g6 31.Rf8+ Kg7 32.Qf2 Rxf8 33.Rxf8 
Kh6 34.Rxc8 g5 35.Bf7 a5 36.Qf6# 1-0

[Event "SC Weisse Dame-SC Borussia Lichtenberg"]
[Site "Binz"]
[Date "2024.09.08"]
[Round "4.1"]
[White "Klymenko, Mariia"]
[Black "Kryvak, Mariia"]
[Result "1-0"]
[WhiteElo "1435"]
[BlackElo "1138"]
[Time "14:30:00"]
[Board "1"]
[WhiteTeam "SC Borussia Lichtenberg"]
[BlackTeam "SC Weisse Dame"]
[Annotator "Rnd./Pair./Board: 04.003.01"]

1.Nf3 Nc6 2.d4 d6 3.e3 Qd7 4.b3 Nf6 5.Bb2 Nb4 6.a3 Nbd5 7.c4 Nb6 8.g3 Qf5 
9.Bg2 g6 10.O-O Qh5 11.d5 Bg7 12.Nbd2 e5 13.e4 Bh3 14.Rc1 Bh6 15.c5 Nbd7 
16.c6 bxc6 17.Rxc6 Nc5 18.Bxe5 Bg7 19.Bxf6 Bxf6 20.b4 Bd7 21.bxc5 Bxc6 22.
dxc6 Qxc5 23.Qc1 Qb6 24.Qc2 Qa6 25.a4 O-O 26.Rb1 Rab8 27.Rxb8 Rxb8 28.Bf1 
Qa5 29.Bb5 Qb4 30.Kg2 Rb6 31.Nc4 Rb8 32.e5 dxe5 33.Nfxe5 Bxe5 34.Nxe5 Qd6 
35.Nd7 Re8 36.Qc5 Qxc5 37.Nxc5 Re5 38.Nd7 Re7 39.Kf3 Re1 40.h4 Kg7 41.Kf4 
h6 42.Ne5 g5+ 43.hxg5 hxg5+ 44.Kf5 f6 45.Nd7 Kf7 46.Nxf6 Kg7 47.Nd5 Kf7 
48.Nxc7 g4 49.Nd5 Re8 50.c7 Ra8 51.Bd7 a5 52.c8=Q Rxc8 53.Bxc8 Ke8 54.Kxg4
Kd8 55.f4 Kxc8 56.f5 Kd8 57.f6 Ke8 58.Kg5 Kf7 59.Kf5 Kf8 60.Kg6 Kg8 61.f7+
Kf8 62.Nb6 1-0

[Event "SC Weisse Dame-SC Borussia Lichtenberg"]
[Site "Binz"]
[Date "2024.09.08"]
[Round "4.2"]
[White "Andreeva, Katharina"]
[Black "Szymil, Alicja"]
[Result "0-1"]
[WhiteElo "1005"]
[BlackElo "1163"]
[Time "14:30:00"]
[Board "2"]
[WhiteTeam "SC Weisse Dame"]
[BlackTeam "SC Borussia Lichtenberg"]
[Annotator "Rnd./Pair./Board: 04.003.02"]

1.e4 e6 2.d4 d5 3.e5 c5 4.Nf3 Nc6 5.Nc3 Qb6 6.Be3 cxd4 7.Nxd4 Bc5 8.Nxc6 
Bxe3 9.fxe3 bxc6 10.Na4 Qxe3+ 11.Qe2 Qg5 12.g3 a5 13.Bg2 Ba6 14.Qd2 Qxe5+ 
15.Kd1 Ne7 16.Re1 Qf6 17.Qxa5 Be2+ 18.Rxe2 Rxa5 19.Nc3 O-O 20.Kd2 Rb8 21.
Rf1 Qd4+ 22.Kc1 Nf5 23.Bf3 Ne3 24.Rd2 Qb4 25.b3 Qxc3 26.Rff2 Qa1# 0-1

[Event "SC Weisse Dame-SC Borussia Lichtenberg"]
[Site "Binz"]
[Date "2024.09.08"]
[Round "4.3"]
[White "Nuzhnaia, Daria"]
[Black "Helbig, Frieda"]
[Result "0-1"]
[WhiteElo "850"]
[BlackElo "983"]
[Time "14:30:00"]
[Board "3"]
[WhiteTeam "SC Borussia Lichtenberg"]
[BlackTeam "SC Weisse Dame"]
[Annotator "Rnd./Pair./Board: 04.003.03"]

1.e4 e5 2.Nf3 Nc6 3.d4 Bb4+ 4.Nc3 d6 5.a3 Ba5 6.b4 Bb6 7.Be3 Bg4 8.Qd3 Nf6
9.dxe5 dxe5 10.Qxd8+ Rxd8 11.Bxb6 axb6 12.Be2 O-O 13.O-O Rd7 14.h3 Bh5 15.
Ng5 Bxe2 16.Nxe2 h6 17.Nf3 Nxe4 18.b5 Nd4 19.Nexd4 exd4 20.Rad1 Rfd8 21.
Rfe1 Nc3 22.Rd3 c5 23.bxc6 bxc6 24.Re5 c5 25.Nd2 f6 26.Rf5 Ne2+ 27.Kh1 Re8
28.g4 Nc1 29.Rdf3 Re1+ 30.Kg2 Ne2 31.h4 Rg1+ 32.Kh3 Rh1+ 33.Kg2 Rg1+ 34.
Kh3 Re7 35.Kh2 Ra7 36.Rd5 Ra8 37.Nc4 Rb8 38.Nd6 Rd8 39.Rff5 Ra8 40.Nc4 Rb8
41.g5 hxg5 42.hxg5 fxg5 43.Rxg5 Rf1 44.Kg2 Rg1+ 45.Kf3 Re1 46.Rg6 Rf8+ 47.
Ke4 Nc3+ 48.Kd3 Nxd5 49.Nxb6 Nxb6 50.Rxb6 Rfe8 51.a4 Rd1+ 52.Kc4 d3 53.
cxd3 Rc1+ 54.Kb5 Rb1+ 55.Kxc5 Rc8+ 56.Kd4 Rxb6 57.a5 Rd6+ 58.Ke5 Rcd8 59.
a6 Rxa6 60.f4 Re8+ 61.Kf5 Rf6+ 62.Kg4 Rg6+ 63.Kh5 Kh7 64.f5 Rf6 65.Kg5 
Ref8 66.d4 Rxf5+ 67.Kg4 Rf4+ 68.Kg3 Rxd4 69.Kg2 Rc8 70.Kf3 Rc3+ 71.Ke2 Rh3
72.Ke1 Rg4 73.Kf2 Ra3 74.Kf1 Rb4 75.Kf2 Rb2+ 76.Ke1 Ra1# 0-1

[Event "SC Weisse Dame-SC Borussia Lichtenberg"]
[Site "Binz"]
[Date "2024.09.08"]
[Round "4.4"]
[White "Dinges, Mara"]
[Black "Klymenko, Stefaniia"]
[Result "1-0"]
[WhiteElo "752"]
[BlackElo "600"]
[Time "14:30:00"]
[Board "4"]
[WhiteTeam "SC Weisse Dame"]
[BlackTeam "SC Borussia Lichtenberg"]
[Annotator "Rnd./Pair./Board: 04.003.04"]

1.d4 d6 2.e4 Nd7 3.Nc3 Ngf6 4.Nf3 e5 5.d5 c6 6.Bc4 Nb6 7.Qe2 Bg4 8.Qd3 g6 
9.Bd2 Bg7 10.O-O-O O-O 11.h3 Bxf3 12.Qxf3 Nxc4 13.g4 Qb6 14.b3 Nxd2 15.
Rxd2 cxd5 16.exd5 Bh6 17.Qxf6 Bxd2+ 18.Kxd2 Qd8 19.Ne4 Qxf6 20.Nxf6+ Kg7 
21.g5 h6 22.h4 hxg5 23.hxg5 Rh8 24.Rg1 Rh2 25.Kc1 Rxf2 26.Rh1 Rc8 27.Rh7+ 
Kf8 28.Rh8+ Ke7 29.Rxc8 e4 30.Nxe4 Re2 31.Nf6 Re1+ 32.Kb2 a5 33.Re8# 1-0

[Event "Schachfreunde Hettstedt-SchVgg Blankenese von 1923"]
[Site "Binz"]
[Date "2024.09.08"]
[Round "4.1"]
[White "Busch, Lara Sophie"]
[Black "MÃ¼ller, Greta Waltraud"]
[Result "1-0"]
[WhiteElo "1616"]
[BlackElo "1130"]
[Time "14:30:00"]
[Board "1"]
[WhiteTeam "SchVgg Blankenese von 1923"]
[BlackTeam "Schachfreunde Hettstedt"]
[Annotator "Rnd./Pair./Board: 04.004.01"]

1.e4 e5 2.Nf3 Nc6 3.Bc4 Be7 4.d3 Nf6 5.c3 O-O 6.O-O d6 7.Bb3 Bg4 8.Nbd2 
Re8 9.Re1 Qd7 10.Nf1 Rad8 11.Ne3 Bh5 12.h3 h6 13.g4 Bg6 14.Nh4 Bh7 15.Nhf5
Bf8 16.Qf3 g6 17.Nxh6+ Bxh6 18.Qxf6 Bg7 19.Qf3 Qe7 20.Nd5 Qd7 21.Bh6 Bh8 
22.Nf6+ Bxf6 23.Qxf6 Qxg4+ 24.hxg4 1-0

[Event "Schachfreunde Hettstedt-SchVgg Blankenese von 1923"]
[Site "Binz"]
[Date "2024.09.08"]
[Round "4.2"]
[White "Kolditz, Julia"]
[Black "Seyedfakhari, Elena"]
[Result "1-0"]
[WhiteElo "1080"]
[BlackElo "1071"]
[Time "14:30:00"]
[Board "2"]
[WhiteTeam "Schachfreunde Hettstedt"]
[BlackTeam "SchVgg Blankenese von 1923"]
[Annotator "Rnd./Pair./Board: 04.004.02"]

1.e4 e5 2.Nf3 Nc6 3.Nc3 Nf6 4.Bb5 a6 5.Ba4 Bc5 6.O-O d6 7.Nd5 b5 8.Bb3 
Nxd5 9.Bxd5 Bb7 10.Ng5 Qxg5 11.d3 Qd8 12.Qf3 O-O 13.Qg3 Re8 14.Bh6 g6 15.
Qf3 Qe7 16.Qg3 Nd4 17.Qg4 Bc8 18.Qg5 Qxg5 19.Bxg5 Rb8 20.c3 Nc2 21.Rac1 
Nd4 22.cxd4 exd4 23.Bc6 Re5 24.Bf6 Re6 25.Bd8 Bb7 26.Bxc7 Rc8 27.Bd7 Rxc7 
28.Bxe6 fxe6 29.b4 Bxb4 30.Rxc7 Bxe4 31.dxe4 a5 32.Rb7 d3 33.Rd1 Bc5 34.
Rxb5 a4 35.e5 Bd4 36.exd6 Bf6 37.Rxd3 Kg7 38.d7 h6 39.Rb8 g5 40.d8=Q Bxd8 
41.Rbxd8 a3 42.Rf3 e5 43.Re8 e4 44.Rg3 e3 45.Rexe3 Kg6 46.Re6+ Kf5 47.Rxh6
Kf4 48.f3 Kf5 49.Rh5 Kf4 50.Rgxg5 Ke3 51.Rd5 Kf4 52.g3+ Ke3 53.Kg2 Ke2 54.
Rhe5# 1-0

[Event "Schachfreunde Hettstedt-SchVgg Blankenese von 1923"]
[Site "Binz"]
[Date "2024.09.08"]
[Round "4.3"]
[White "Du, Vivian"]
[Black "RÃ¶mmisch, Mona"]
[Result "1/2-1/2"]
[WhiteElo "600"]
[BlackElo "911"]
[Time "14:30:00"]
[Board "3"]
[WhiteTeam "SchVgg Blankenese von 1923"]
[BlackTeam "Schachfreunde Hettstedt"]
[Annotator "Rnd./Pair./Board: 04.004.03"]

1.e4 e5 2.Nf3 Nc6 3.Bc4 Be7 4.Nc3 Nf6 5.d3 O-O 6.O-O d6 7.Be3 Bg4 8.Nd5 
Nxd5 9.Bxd5 Be6 10.Bb3 d5 11.Qd2 h6 12.Qe2 d4 13.Bd2 Bxb3 14.axb3 a6 15.c3
Qd7 16.Rfe1 Rad8 17.h3 dxc3 18.Bxc3 Qxd3 19.Qxd3 Rxd3 20.Nxe5 Nxe5 21.Bxe5
Bd6 22.Bxd6 Rxd6 23.Rad1 Rb6 24.Re3 f5 25.e5 1/2-1/2

[Event "Schachfreunde Hettstedt-SchVgg Blankenese von 1923"]
[Site "Binz"]
[Date "2024.09.08"]
[Round "4.4"]
[White "Ostermann, Philomena"]
[Black "Polster, Maike"]
[Result "0-1"]
[WhiteElo "802"]
[BlackElo "810"]
[Time "14:30:00"]
[Board "4"]
[WhiteTeam "Schachfreunde Hettstedt"]
[BlackTeam "SchVgg Blankenese von 1923"]
[Annotator "Rnd./Pair./Board: 04.004.04"]

1.e4 e5 2.Nf3 Nc6 3.Bb5 Nf6 4.Nc3 Bb4 5.O-O d6 6.d3 Bg4 7.Bxc6+ bxc6 8.Re1
O-O 9.h3 Bh5 10.Bg5 h6 11.Be3 d5 12.Bd2 dxe4 13.dxe4 Bc5 14.Be3 Bb4 15.a3 
Bxc3 16.bxc3 Nxe4 17.g4 Nxc3 18.Qd2 Ne4 19.Qd1 Bg6 20.Nxe5 Qe8 21.Nxg6 
fxg6 22.f3 Nc3 23.Qd2 Na4 24.Qb4 Rxf3 25.Qb3+ Kh7 26.Kg2 Nc5 27.Qc3 Ne4 
28.Qd3 Rg3+ 29.Kh2 Qe5 30.Rab1 Rxe3+ 31.Kg2 Rxd3 32.cxd3 Qg3+ 33.Kf1 Qf2# 
0-1

[Event "Elmshorner SC von 1896-SC Caissa Falkensee"]
[Site "Binz"]
[Date "2024.09.08"]
[Round "4.1"]
[White "Alnajjar, Sara"]
[Black "Vasilieva, Sophie Victoria"]
[Result "1/2-1/2"]
[WhiteElo "1065"]
[BlackElo "1009"]
[Time "14:30:00"]
[Board "1"]
[WhiteTeam "SC Caissa Falkensee"]
[BlackTeam "Elmshorner SC von 1896"]
[Annotator "Rnd./Pair./Board: 04.005.01"]

1.e4 d5 2.exd5 Qxd5 3.Nc3 Qa5 4.d4 c6 5.Nf3 Nf6 6.Bc4 Bf5 7.O-O e6 8.Bg5 
Be7 9.Bxf6 Bxf6 10.Bd3 Bxd3 11.Qxd3 O-O 12.Ne4 Be7 13.Ned2 Nd7 14.h3 Rac8 
15.a3 Rfd8 16.b4 Qc7 17.Qe3 a6 18.c4 b5 19.c5 Nf6 20.Ne4 Nxe4 21.Qxe4 Rd5 
22.Rfd1 1/2-1/2

[Event "Elmshorner SC von 1896-SC Caissa Falkensee"]
[Site "Binz"]
[Date "2024.09.08"]
[Round "4.2"]
[White "Hirtzel, Hanna Meiki"]
[Black "Bathmann, Sanaa Maria"]
[Result "1-0"]
[WhiteElo "1013"]
[BlackElo "802"]
[Time "14:30:00"]
[Board "2"]
[WhiteTeam "Elmshorner SC von 1896"]
[BlackTeam "SC Caissa Falkensee"]
[Annotator "Rnd./Pair./Board: 04.005.02"]

1.d4 d5 2.c4 e6 3.Nc3 Nf6 4.Bg5 Bb4 5.Nf3 Nc6 6.e3 Bxc3+ 7.bxc3 b6 8.Bd3 
Ba6 9.Ne5 Qd6 10.Bxf6 gxf6 11.Nxc6 Qxc6 12.cxd5 exd5 13.Bxa6 b5 14.Bxb5 
Qxb5 15.Qb3 Qxb3 16.axb3 O-O 17.Ra5 c6 18.O-O Rfb8 19.b4 Kg7 20.Rfa1 Rb7 
21.f4 f5 22.h3 h5 23.Kf2 h4 24.g3 hxg3+ 25.Kxg3 Kg6 26.Rg1 Kh5 27.Kf3 Kh4 
28.Rg3 f6 29.Ra1 Rb6 30.Rg2 Rbb8 31.Raa2 Rg8 32.Kf2 Kxh3 33.Kf3 Rg4 34.
Rh2# 1-0

[Event "Elmshorner SC von 1896-SC Caissa Falkensee"]
[Site "Binz"]
[Date "2024.09.08"]
[Round "4.3"]
[White "Dittrich, Aurelia"]
[Black "Hirtzel, Amelie Meiyan"]
[Result "1-0"]
[WhiteElo "600"]
[BlackElo "882"]
[Time "14:30:00"]
[Board "3"]
[WhiteTeam "SC Caissa Falkensee"]
[BlackTeam "Elmshorner SC von 1896"]
[Annotator "Rnd./Pair./Board: 04.005.03"]

1.e4 d5 2.exd5 Qxd5 3.Nc3 Qa5 4.d4 c6 5.Bc4 Nf6 6.Nf3 Ne4 7.Bd2 Bf5 8.Nxe4
Qc7 9.Nc3 e6 10.h3 Bd6 11.O-O O-O 12.Re1 Re8 13.d5 Qd7 14.dxe6 Bxe6 15.
Bxe6 fxe6 16.a3 a6 17.Rc1 b5 18.Ne4 Kf8 19.Nfg5 h6 20.Nxd6 Qxd6 21.Bb4 
Qxb4 22.axb4 hxg5 23.Qg4 a5 24.Rxe6 Rxe6 25.Qxe6 axb4 26.Qd6+ Kg8 27.Qxb4 
Nd7 28.Qg4 Ne5 29.Qxg5 Nf7 30.Qc5 Rc8 31.c4 bxc4 32.Rxc4 Kh7 33.Qf5+ Kg8 
34.Qxc8+ Kh7 35.Rxc6 g5 36.Rc7 Kg6 37.Rxf7 Kxf7 38.Qf5+ Ke7 39.Qxg5+ Kd6 
40.Kf1 Kc6 41.Qe5 Kd7 42.Qf6 Kc7 43.Qe6 Kb7 44.Qd6 Ka7 45.Qb4 Ka6 46.Ke2 
Ka7 47.Qb5 Ka8 48.Kd3 Ka7 49.Kc4 Ka8 50.Kc5 Ka7 51.Kc6 Ka8 52.Qb7# 1-0

[Event "Elmshorner SC von 1896-SC Caissa Falkensee"]
[Site "Binz"]
[Date "2024.09.08"]
[Round "4.4"]
[White "Gashi, Loresa"]
[Black "Schellknecht, Johanna Leni"]
[Result "0-1"]
[WhiteElo "748"]
[BlackElo "600"]
[Time "14:30:00"]
[Board "4"]
[WhiteTeam "Elmshorner SC von 1896"]
[BlackTeam "SC Caissa Falkensee"]
[Annotator "Rnd./Pair./Board: 04.005.04"]

1.d4 d5 2.Nf3 Nf6 3.Bf4 Bf5 4.e3 e6 5.Bd3 Bg6 6.O-O Bd6 7.Bxd6 cxd6 8.c4 
dxc4 9.Bxc4 O-O 10.Nc3 Nbd7 11.h3 a6 12.Qd2 b5 13.Bd3 Rc8 14.Bxg6 hxg6 15.
Rac1 Qa5 16.a3 b4 17.axb4 Qxb4 18.Rfd1 d5 19.Ne5 Nxe5 20.dxe5 Ne4 21.Qe1 
Qxb2 22.Nxe4 dxe4 23.f4 Rfd8 24.Qa5 Rxd1+ 25.Rxd1 Qe2 26.Rb1 Rc2 27.Rb8+ 
Kh7 28.Qa4 Qxg2# 0-1

[Event "VfL GrÃ¤fenhainichen-SV Hellas Nauen"]
[Site "Binz"]
[Date "2024.09.08"]
[Round "4.1"]
[White "Pygoch, Lene"]
[Black "Kuhlmann, Naya"]
[Result "0-1"]
[WhiteElo "910"]
[BlackElo "1236"]
[Time "14:30:00"]
[Board "1"]
[WhiteTeam "SV Hellas Nauen"]
[BlackTeam "VfL GrÃ¤fenhainichen"]
[Annotator "Rnd./Pair./Board: 04.006.01"]

1.e4 e5 2.Nf3 Nc6 3.Bc4 Bc5 4.c3 Nf6 5.d4 Be7 6.dxe5 Nxe4 7.Nbd2 Nxd2 8.
Bxd2 d5 9.Bd3 Bg4 10.h3 Bxf3 11.Qxf3 Nxe5 12.Qe2 Nxd3+ 13.Qxd3 Qd6 14.O-O 
O-O 15.Rfe1 Rfe8 16.Re2 Bf6 17.Rae1 Rxe2 18.Qxe2 Qd7 19.b3 Kf8 20.Qh5 h6 
21.c4 dxc4 22.Bb4+ Kg8 23.bxc4 a5 24.Ba3 Qd2 25.Rd1 Qxa2 26.Bc1 Qxc4 27.
Bd2 a4 28.Be1 a3 29.Rd7 a2 30.Bd2 a1=Q+ 31.Kh2 Be5+ 32.Qxe5 Qxe5+ 33.g3 
Qee2 34.Rd8+ Rxd8 35.Be3 Re8 36.Bxh6 Qxf2+ 37.Kh1 Qcf1# 0-1

[Event "VfL GrÃ¤fenhainichen-SV Hellas Nauen"]
[Site "Binz"]
[Date "2024.09.08"]
[Round "4.2"]
[White "Schmegel, Alina"]
[Black "Kuhfeldt, Isabell"]
[Result "1-0"]
[WhiteElo "931"]
[BlackElo "871"]
[Time "14:30:00"]
[Board "2"]
[WhiteTeam "VfL GrÃ¤fenhainichen"]
[BlackTeam "SV Hellas Nauen"]
[Annotator "Rnd./Pair./Board: 04.006.02"]

1.e4 e5 2.Nf3 Nc6 3.Nc3 Bc5 4.Bc4 Nf6 5.d3 d6 6.Bg5 Bg4 7.h3 h6 8.Bh4 g5 
9.Bg3 Qd7 10.O-O Nd4 11.hxg4 Nxf3+ 12.Qxf3 O-O-O 13.Qxf6 Rdg8 14.Bxf7 Rf8 
15.Nd5 Rxf7 16.Qxh8+ Qd8 17.Qxh6 c6 18.Nc3 Bd4 19.Qe6+ Rd7 20.Na4 b5 21.c3
bxa4 22.cxd4 exd4 23.Rac1 Kb8 24.Rxc6 Rh7 25.Bxd6+ Kb7 26.Rfc1 a6 27.Rc7+ 
Rxc7 28.Rxc7+ Ka8 29.Rc8+ Qxc8 30.Qxc8+ Ka7 31.Bc5# 1-0

[Event "VfL GrÃ¤fenhainichen-SV Hellas Nauen"]
[Site "Binz"]
[Date "2024.09.08"]
[Round "4.3"]
[White "Glaubitz, Alina"]
[Black "Strahl, Nele"]
[Result "1-0"]
[WhiteElo "772"]
[BlackElo "964"]
[Time "14:30:00"]
[Board "3"]
[WhiteTeam "SV Hellas Nauen"]
[BlackTeam "VfL GrÃ¤fenhainichen"]
[Annotator "Rnd./Pair./Board: 04.006.03"]

1.e4 e5 2.Nf3 Nc6 3.Bc4 Bc5 4.c3 Nf6 5.d4 exd4 6.cxd4 Bb4+ 7.Nc3 Bxc3+ 8.
bxc3 Nxe4 9.Qb3 O-O 10.O-O Na5 11.Qb4 Nxc4 12.Qxc4 d5 13.Qd3 Bg4 14.h3 Bf5
15.Ng5 Nd6 16.Qf3 b6 17.Qxd5 Bd3 18.Re1 Re8 19.Bf4 Be4 20.Rxe4 Rxe4 21.
Nxe4 Nxe4 22.Qxe4 b5 23.Rb1 Rb8 24.Qe5 Qd6 25.Qg5 Qe6 26.Be5 Qg6 27.Qf4 
Qxb1+ 28.Kh2 Rb7 29.Bxc7 Qxa2 30.Qg5 Rxc7 31.Qd8# 1-0

[Event "VfL GrÃ¤fenhainichen-SV Hellas Nauen"]
[Site "Binz"]
[Date "2024.09.08"]
[Round "4.4"]
[White "Philipp, Elaina"]
[Black "Biemann, Henriette"]
[Result "1-0"]
[WhiteElo "879"]
[BlackElo "600"]
[Time "14:30:00"]
[Board "4"]
[WhiteTeam "VfL GrÃ¤fenhainichen"]
[BlackTeam "SV Hellas Nauen"]
[Annotator "Rnd./Pair./Board: 04.006.04"]

1.e4 e5 2.Nf3 Nc6 3.Bc4 Bc5 4.d3 d6 5.Bg5 Nge7 6.h3 Bb4+ 7.Nc3 Bd7 8.O-O 
O-O 9.Nd5 Be6 10.a3 Ba5 11.b4 Bb6 12.b5 Na5 13.Bxe7 Qe8 14.Bxf8 Qxf8 15.
Ba2 c6 16.bxc6 bxc6 17.Nc3 Bxa2 18.Rxa2 Nb7 19.d4 Nd8 20.dxe5 dxe5 21.Nxe5
Ne6 22.Nxc6 Rc8 23.Qd5 Nc7 24.Ne5 Nxd5 25.Nxd5 Re8 26.Nc6 Rxe4 27.Nc3 Re6 
28.Nb4 Ba5 29.Raa1 Bc7 30.Rae1 Rg6 31.g3 Rh6 32.Kg2 Qa8+ 33.Kh2 Qc8 34.Kg2
Qxh3+ 35.Kf3 Qh5+ 36.Kg2 Qh2+ 37.Kf3 Rf6+ 38.Ke2 Qh5+ 39.Kd2 Qh6+ 40.Kd1 
Rxf2 41.Re8# 1-0

[Event "Hamburger SK von 1830-SV "GlÃ¼ck auf" RÃ¼dersdorf"]
[Site "Binz"]
[Date "2024.09.08"]
[Round "4.1"]
[White "Niehusen, Lia Florentine"]
[Black "GrÃ¶ning, Sophie Marie"]
[Result "1-0"]
[WhiteElo "940"]
[BlackElo "600"]
[Time "14:30:00"]
[Board "1"]
[WhiteTeam "SV "]
[BlackTeam "Hamburger SK von 1830"]
[Annotator "Rnd./Pair./Board: 04.007.01"]

1.e4 b6 2.d4 Bb7 3.Nc3 e6 4.Nf3 Bb4 5.a3 Bxc3+ 6.bxc3 Qe7 7.Bc4 Bxe4 8.Ng5
Bxg2 9.Rg1 Bd5 10.Bb3 Nc6 11.Qe2 h6 12.Nf3 Qf6 13.Rg3 Na5 14.Rb1 c5 15.
Bxd5 Ne7 16.Bxa8 Nd5 17.Bxd5 e5 18.dxe5 Qe7 19.Rxg7 Rf8 20.Bxh6 Nc6 21.
Bxc6 dxc6 22.Rd1 Rh8 23.Bf4 f6 24.Rxe7+ Kxe7 25.exf6+ Kxf6 26.Qe5+ 1-0

[Event "Hamburger SK von 1830-SV "GlÃ¼ck auf" RÃ¼dersdorf"]
[Site "Binz"]
[Date "2024.09.08"]
[Round "4.2"]
[White "Wartenberg, Adelia"]
[Black "Knetsch, Victoria"]
[Result "1-0"]
[WhiteElo "810"]
[BlackElo "860"]
[Time "14:30:00"]
[Board "2"]
[WhiteTeam "Hamburger SK von 1830"]
[BlackTeam "SV "]
[Annotator "Rnd./Pair./Board: 04.007.02"]

1.e4 e5 2.Bc4 Nf6 3.d3 Bc5 4.Bg5 h6 5.Bh4 g5 6.Bg3 d6 7.h3 Be6 8.Bb3 Nc6 
9.Nc3 Qd7 10.Nd5 O-O-O 11.Nxf6 Qe7 12.Nd5 Qd7 13.Nf6 Qe7 14.Nd5 Qf8 15.Ba4
Bd7 16.b4 Bd4 17.Rb1 a6 18.b5 axb5 19.Bxb5 f5 20.c4 fxe4 21.Qb3 Re8 22.Ba4
b6 23.Nxb6+ cxb6 24.Ne2 Bc5 25.Qb5 h5 26.Qa6+ Kd8 27.Qa8+ Ke7 28.Bxc6 Bxc6
29.Qxc6 h4 30.Rf1 Qf7 31.Bh2 exd3 32.Nc3 Ref8 33.Nd5+ Ke6 34.Nc7+ Kf6 35.
Nd5+ Kg6 36.Bxe5 Rh5 37.g4 Qf3 38.Ne7+ Kh7 39.Qxf3 Rxf3 40.gxh5 g4 41.Kd1 
dxe5 42.Nd5 gxh3 43.Kd2 e4 44.Rg1 Rxf2+ 45.Kc3 Rc2+ 46.Kb3 h2 47.Rg6 e3 
48.Nf6+ Kh8 49.Rg8# 1-0